000 00490nam a22001937a 4500
005 20260210160634.0
008 260210b |||||||| |||| 00| 0 eng d
020 _a9788123912417
_c1595.00
040 _aMAIN
041 _aEnglish
082 _a570.285
_bMOU
100 _aMount, David W.
_926271
245 _aBioinformatics
_b: Sequence and Genome Analysis
250 _a2nd
260 _aNew Delhi
_bCBS
_c2005
300 _a692
650 _aBiological Science
_914046
942 _cBK
999 _c60318
_d60318